Die Suid-Afrikaanse Persreg / (Record no. 623)

MARC details
000 -LEADER
fixed length control field 00575nam a22001697a 4500
005 - DATE AND TIME OF INPUT
control field 20231114103907.0
008 - DATA ELEMENTS--GENERAL INFORMATION
fixed length control field 231114b |||||||| |||| 00| 0 eng d
020 ## - INTERNATIONAL STANDARD BOOK NUMBER
International Standard Book Number 0627004105
041 ## - LANGUAGE CODE
Language code of text Afrikaans
082 ## - SHELF NUMBER
DDC number 344.5 STR
100 ## - MAIN AUTHOR
Main author's name Strauss, SA ; Strydom, MJ and Van der Walt, JC
Language of a work English
245 ## - TITLE STATEMENT
Title Die Suid-Afrikaanse Persreg /
Statement of responsibility, etc. SA Strauss, MJ Strydom and JC Van der Walt
260 ## - PUBLICATION, DISTRIBUTION, ETC.
Place of publication, distribution, etc. Pretoria :
Name of publisher, distributor, etc. J L Van Schaik Beperk,
Date of publication, distribution, etc. 1976
300 ## - PHYSICAL DESCRIPTION
Other physical details xxiv, 400 pages ;
Dimensions 24,7 cm.
650 ## - SUBJECT`
Broad subject Legal practice
Own subject terms Law
942 ## - ADDED ENTRY ELEMENTS (KOHA)
Item type Books
942 ## - ADDED ENTRY ELEMENTS (KOHA)
-- ALISON_BN_VRIES
Holdings
Source of classification or shelving scheme Not for loan Collection code Home library Current library Shelving location Date acquired Full call number Barcode Price effective from Koha item type
Dewey Decimal Classification   TEXT BOOKS LAW SOCIETY OF NAMIBIA LIBRARY - WINDHOEK LAW SOCIETY OF NAMIBIA LIBRARY - WINDHOEK Media Law 11/14/2023 344.5 STR LSN/1986/71 11/14/2023 Books